World's Top Universities Quiz Stats

 Plays Quiz Updated Mar 18, 2020

Support Sporcle.
Go Orange.
Score 0/40 Timer 10:00
7 Plays Today
Rank University % Correct
3.Harvard University
97.7%
17.Yale University
92.3%
4.University of Oxford
87.7%
7.University of Cambridge
77.4%
13.Princeton University
75.3%
2.Stanford University
63%
1.Massachusetts Institute of Technology
61.5%
T18.Columbia University
53.5%
28.University of California, Berkeley
52.3%
T35.University of California, Los Angeles
51.9%
15.University of Pennsylvania
51.8%
14.Cornell University
50.7%
8.University College, London
47.3%
T25.Duke University
38.2%
39.New York University
38%
T22.University of Tokyo
35.6%
37.Seoul National University
34.7%
5.California Institute of Technology
31.8%
T29.University of Toronto
31.7%
21.University of Michigan
31.5%
Rank University % Correct
10.University of Chicago
31.4%
38.University of Melbourne
27.7%
31.Northwestern University
25.2%
T35.McGill University
25.1%
T11.National University of Singapore
21.5%
27.University of Manchester
20.6%
20.University of Edinburgh
19.7%
T33.King's College, London
18.5%
T25.University of Hong Kong
16.9%
24.Johns Hopkins University
16.2%
9.Imperial College, London
15.5%
T22.Peking University
13.8%
T33.Kyoto University
12.8%
16.Tsinghua University
9.3%
40.Fudan University
7.7%
T29.Australian National University
4.8%
32.Hong Kong University of Science and Technology
3.7%
T18.École Polytechnique Fédérale de Lausanne
3.6%
6.ETH Zürich
3.3%
T11.Nanyang Technological University
1%

From the Vault

Random World Capitals

by jwjwjw555

Geography 20m
And you thought spelling Kyrgyzstan was hard? Good luck with a few of these capital cities.
Remove Ads.
Support Sporcle.
Get the best of Sporcle when you Go Orange. This ad-free experience offers more features, more stats, and more fun while also helping to support Sporcle. Thank you for becoming a member.

Show Comments

Extras

Top Quizzes Today


Score Distribution

Your Account Isn't Verified!

In order to create a playlist on Sporcle, you need to verify the email address you used during registration. Go to your Sporcle Settings to finish the process.

Report this User

Report this user for behavior that violates our Community Guidelines.

Details: